LIBRARY ONLINE CATALOGUE

A Short history of Tanganyika / (Record no. 13387)

MARC details
000 -LEADER
fixed length control field 00552nam a22001932 4500
001 - CONTROL NUMBER
control field 0000011777
005 - DATE AND TIME OF LATEST TRANSACTION
control field 20151217155847.0
008 - FIXED-LENGTH DATA ELEMENTS--GENERAL INFORMATION
fixed length control field 090108s xx 000 0 eng d
040 ## - CATALOGING SOURCE
Original cataloging agency KABU
Transcribing agency KABU
100 1# - MAIN ENTRY--PERSONAL NAME
Personal name Clarke, P. H. C.
-- 0000167782
245 12 - TITLE STATEMENT
Title A Short history of Tanganyika /
Statement of responsibility, etc. P. H. C. Clarke.
250 ## - EDITION STATEMENT
Edition statement 1st ed.
260 ## - PUBLICATION, DISTRIBUTION, ETC. (IMPRINT)
Place of publication, distribution, etc. London :
Name of publisher, distributor, etc. Longmans,
Date of publication, distribution, etc. 1960.
300 ## - PHYSICAL DESCRIPTION
Extent 154 p.
651 #0 - SUBJECT ADDED ENTRY--GEOGRAPHIC NAME
Geographic name Tanzania
General subdivision History.
-- 0000148641
852 1# - LOCATION
-- p200 KES
908 ## - PUT COMMAND PARAMETER (RLIN)
Put command parameter 090108
950 ## - LOCAL HOLDINGS (RLIN)
-- 1
Holdings
Withdrawn status Lost status Source of classification or shelving scheme Not for loan Home library Current library Date acquired Total Checkouts Full call number Barcode Date last seen Price effective from Koha item type
    Library of Congress Classification   Kabarak, Main Campus Kabarak, Main Campus 17/12/2015   DT447 .C53 1960 c. 1 15825 17/12/2015 17/12/2015 Africana Collection